000
00242nam a22001097a 4500
082
_a
330.95491
100
_a
M.Saeed Nasir
245
_a
Economics of Pakistan
260
_a
Lahore
_b
Imtiaz publishers
_c
1998-99
300
_a
326p
942
_c
BK
999
_c
3390
_d
3390